| 000 | 02400ncm0a2200409 4500 | ||
|---|---|---|---|
| 001 | RU\NLR\ONIZ\304488 | ||
| 005 | 20250626025443.0 | ||
| 035 | _a(NLR Aleph) 022532755 | ||
| 071 | 2 | 0 | _aА. 55 Д. |
| 090 |
_a13404622 _c13404622 |
||
| 100 | _a20240704d1913 |||y0rusy50 ca | ||
| 101 | 0 |
_arus _aheb |
|
| 102 | _aRU | ||
| 125 | _aa| | ||
| 145 | 0 | _ac | |
| 200 | 1 |
_aאהובתי _bНоты _e"Owoi soiwu daas..." _ecanto, piano _zrus _fיוסף סטיצינסקי _gשיד מאת א .ד. לפשיץ _d[Возлюбленная моя _fИ. Стычинский _gпесня А. Д. Лифшиц] |
|
| 203 |
_aМузыка _bзнаковая _bвизуальная _cнепосредственная |
||
| 210 |
_aВ Саратове _cиздание и склад нот А. К. Дипнер _aС-кт Петербург _cН. Давингоф _d[1913] _gлит. В. Гроссе _eМосква |
||
| 215 |
_a3 с. _d34 см |
||
| 300 | _aНа тит. л.: Посвящаю Ф. Г. J. Стычинский | ||
| 313 | _aСистематизация документа проведена по изданию - Методика классифицирования музыкальных произведений (нотных изданий) по таблицам Библиотечно-библиографических классификаций : метод. рекомендации / Гос. б-ка СССР им. В.И. Ленина.- М., 1977. Индексу ББК методических рекомендаций присваивается код ББК для научных библиотек - LBC/SL | ||
| 500 | 0 | 0 |
_aВозлюбленная моя _bНоты |
| 606 | 1 |
_aВокальная музыка еврейская _yРоссия _y19-20 вв. _jНоты _2nlr_sh |
|
| 606 | 1 |
_aПесни на иврите _yРоссия _z19-20 в. _jНоты _2nlr_sh |
|
| 620 |
_dСаратов _2nlr_sh1 |
||
| 620 |
_dСанкт-Петербург _2nlr_sh1 |
||
| 686 | 0 | _aЩ943.4-42-043.3(28) | |
| 700 | 1 |
_9z01790 _aСтычинский _bИ. Л. _f1896-1969 _gИосиф Лазаревич _4230 _7ca |
|
| 790 | 1 |
_9z01700 _aStyčinsky _bI. L. _f1896-1969 _gIosif Lazarevič _4230 _7ba |
|
| 801 | 0 |
_aRU _bNLR _c20240704 _gPSBO |
|
| 801 | 1 |
_aRU _bNLR _c20240704 _2rusmarc |
|
| 801 | 2 |
_aRU _bNLR _c20250416 |
|
| 852 |
_aNLR _bМ _jК-4/1170 _p233053 _t1 |
||
| 942 | _cSCORE | ||
| 980 | _aONIZ | ||
| 980 | _aNB | ||